Loading...
| Social Science | 0 | 2 | 1 | 0 | 15 | 84 | 107.50 | 0 | 0 |
| History - World History | 0 | 2 | 1 | 2 | 15 | 118 | 122.00 | 0 | 0 |
| Fine Arts - Visual Fine Arts | 0 | 1 | 0 | 1 | 10 | 127 | 127.00 | 0 | 0 |
| History - American History | 0 | 1 | 0 | 1 | 10 | 119 | 119.00 | 0 | 0 |
| Religion | 0 | 1 | 0 | 0 | 10 | 106 | 106.00 | 0 | 0 |
| Science - Biology | 0 | 1 | 0 | 1 | 10 | 123 | 123.00 | 0 | 0 |
| Science - Other Science | 0 | 1 | 0 | 0 | 10 | 85 | 85.00 | 0 | 1 |
| Geography/Current Events | 0 | 1 | 1 | 1 | 5 | 126 | 126.00 | 0 | 0 |
| History - European History | 0 | 1 | 1 | 1 | 5 | 125 | 125.00 | 0 | 0 |
| Pop Culture | 0 | 0 | 0 | 0 | 0 | 0.00 | 0 | 0 | |
| Literature - European Literature | 0 | 0 | 1 | 0 | -5 | 0.00 | 0 | 0 |